[Event "Guernsey Open"]
[Site "Guernsey GCI"]
[Date "2004.10.03"]
[Round "1"]
[White "De Kruif, Kees"]
[Black "Bellin, Robert"]
[Result "0-1"]
[WhiteElo "2056"]
[BlackElo "2383"]
[PlyCount "62"]
[EventDate "2004.10.03"]
[SourceDate "2004.10.10"]

1. g3 d5 2. Bg2 c6 3. Nf3 Bg4 4. d3 Nf6 5. O-O Nbd7 6. c4 e6 7. Bg5 h6 8. Bd2
a5 9. Nc3 Nc5 10. Qc2 Be7 11. cxd5 exd5 12. e4 Nxd3 13. exd5 Nb4 14. Qb3 O-O
15. Ne5 Bf5 16. Bf4 cxd5 17. Rac1 Be6 18. Qa4 Qb6 19. Qb5 Qa6 20. Rfd1 Rfd8 21.
a3 Nc6 22. Qa4 Rac8 23. Nb5 Nxe5 24. Bxe5 Bd7 25. Bf1 Ne4 26. Qb3 Rxc1 27. Rxc1
Nd2 28. Qxd5 Bc6 29. Nd6 Qxf1+ 30. Rxf1 Bxd5 31. Nf5 Nf3+ 0-1

[Event "Guernsey Open"]
[Site "Guernsey GCI"]
[Date "2004.10.03"]
[Round "1"]
[White "Corkett, Anthony R"]
[Black "Gruettner, Ralf"]
[Result "1-0"]
[WhiteElo "2310"]
[BlackElo "2056"]
[PlyCount "84"]
[EventDate "2004.10.03"]
[SourceDate "2004.10.10"]

1. e4 Nf6 2. e5 Nd5 3. Nc3 e6 4. Nf3 d6 5. exd6 Bxd6 6. Ne4 Be7 7. d4 Nd7 8.
Bd3 N7f6 9. O-O Nb4 10. Nxf6+ Bxf6 11. Be4 O-O 12. a3 Nd5 13. c4 Nb6 14. Qc2 g6
15. Bh6 Re8 16. Rad1 Rb8 17. Rfe1 Bd7 18. Ne5 Qc8 19. Qc1 Bh8 20. Bf4 Ba4 21.
Rd3 Nd7 22. Ng4 e5 23. Nh6+ Kf8 24. dxe5 Bxe5 25. Ng4 Bh8 26. Rde3 Nc5 27. Bh6+
Kg8 28. Bf3 Qf5 29. Rxe8+ Rxe8 30. Rxe8+ Bxe8 31. Ne3 Qe5 32. b4 Nb3 33. Qd1
Nd4 34. Bxb7 c6 35. c5 f5 36. Nc4 Qe7 37. Nd6 Be5 38. Be3 Bxd6 39. cxd6 Qxb7
40. Qxd4 a5 41. Qe5 Bd7 42. Bd4 axb4 1-0

[Event "Guernsey Open"]
[Site "Guernsey GCI"]
[Date "2004.10.03"]
[Round "1"]
[White "Burton, Ronnie"]
[Black "Shabtai, Ran"]
[Result "1/2-1/2"]
[WhiteElo "2051"]
[BlackElo "2268"]
[PlyCount "57"]
[EventDate "2004.10.03"]
[SourceDate "2004.10.10"]

1. d4 e6 2. Nf3 c5 3. c3 Nf6 4. Bg5 d5 5. e3 Nbd7 6. Nbd2 b6 7. Bb5 a6 8. Bc6
Ra7 9. Ne5 Be7 10. Bxd7+ Bxd7 11. Nxd7 Nxd7 12. Bxe7 Qxe7 13. O-O O-O 14. Re1
Rd8 15. Qe2 e5 16. dxe5 Nxe5 17. Nf3 Nxf3+ 18. Qxf3 Rad7 19. Rad1 g6 20. h3 Rd6
21. Qg4 b5 22. Kf1 Re6 23. Rd3 Re4 24. Qd1 Qe5 25. f3 Ra4 26. a3 Rh4 27. Qd2 c4
28. Rd4 Rxd4 29. exd4 1/2-1/2

[Event "Guernsey Open"]
[Site "Guernsey GCI"]
[Date "2004.10.03"]
[Round "1"]
[White "Burrows, Martin"]
[Black "Ruston, Mark"]
[Result "1-0"]
[WhiteElo "2201"]
[BlackElo "2114"]
[PlyCount "75"]
[EventDate "2004.10.03"]
[SourceDate "2004.10.10"]

1. e4 e6 2. d4 d5 3. Nc3 Nf6 4. Bg5 Be7 5. e5 Nfd7 6. h4 Bxg5 7. hxg5 Qxg5 8.
Qd3 g6 9. Nf3 Qe7 10. O-O-O a6 11. Qe3 c5 12. dxc5 Nc6 13. Na4 d4 14. Nxd4
Ncxe5 15. Be2 g5 16. g3 Ng6 17. Qc3 O-O 18. Bf3 Nde5 19. Nb6 Rb8 20. Be4 Nd7
21. Na4 Nf6 22. Bg2 e5 23. Nb3 Bf5 24. Nb6 Rfd8 25. Rde1 Be6 26. Nc4 Nd5 27.
Bxd5 Bxd5 28. Nxe5 Bxh1 29. Nxg6 Qxe1+ 30. Qxe1 Bf3 31. Nd2 hxg6 32. Nxf3 Rd5
33. Qe7 Rbd8 34. b3 R8d7 35. Qe8+ Kg7 36. Kb2 Rc7 37. b4 Rf5 38. Qd8 1-0

[Event "Guernsey Open"]
[Site "Guernsey GCI"]
[Date "2004.10.03"]
[Round "1"]
[White "Wilman, Carey A"]
[Black "Reijneveld, Ad"]
[Result "0-1"]
[WhiteElo "2049"]
[BlackElo "2203"]
[PlyCount "56"]
[EventDate "2004.10.03"]
[SourceDate "2004.10.10"]

1. d4 Nf6 2. Nf3 d6 3. Nc3 g6 4. e4 Bg7 5. Be2 O-O 6. Be3 c6 7. a4 Nbd7 8. h3
e5 9. dxe5 dxe5 10. O-O Qe7 11. Nd2 Nc5 12. Bc4 Ne6 13. Nb3 Rd8 14. Qc1 Nd4 15.
f4 Nxb3 16. Bxb3 exf4 17. Bxf4 Be6 18. Bxe6 Qxe6 19. Re1 Rd4 20. Qe3 Rb4 21.
Rad1 Rxb2 22. Rd6 Qc4 23. Rd4 Qa6 24. Qc1 Ng4 25. Rd7 Qb6+ 26. Kh1 Bxc3 27. Bc7
Qf2 28. Rf1 Rxc2 0-1

[Event "Guernsey Open"]
[Site "Guernsey GCI"]
[Date "2004.10.03"]
[Round "1"]
[White "Havenaar, Jan"]
[Black "Morcom, HC."]
[Result "1-0"]
[WhiteElo "2169"]
[BlackElo "2031"]
[PlyCount "67"]
[EventDate "2004.10.03"]
[SourceDate "2004.10.10"]

1. Nc3 c5 2. f4 g6 3. Nf3 Bg7 4. e4 d6 5. Bc4 e6 6. O-O a6 7. a4 Nc6 8. d3 Nge7
9. Qe1 Nd4 10. Nxd4 cxd4 11. Ne2 O-O 12. f5 exf5 13. Qh4 Nc6 14. Bg5 Qc7 15.
Nf4 Nb4 16. Rac1 b5 17. axb5 fxe4 18. bxa6 Bxa6 19. Nd5 Nxd5 20. Bxd5 Bb7 21.
Bxe4 Ra2 22. Bxb7 Qxb7 23. b3 Qc7 24. Bf6 Rxc2 25. Rxc2 Qxc2 26. Bxg7 Kxg7 27.
Qxd4+ f6 28. b4 Qc6 29. g4 h6 30. h4 d5 31. g5 hxg5 32. hxg5 Qd6 33. Kg2 Qe5
34. gxf6+ 1-0

[Event "Guernsey Open"]
[Site "Guernsey GCI"]
[Date "2004.10.03"]
[Round "1"]
[White "Hamperl, Fred"]
[Black "Rosen, Daniel B"]
[Result "0-1"]
[WhiteElo "1961"]
[BlackElo "2165"]
[PlyCount "46"]
[EventDate "2004.10.03"]
[SourceDate "2004.10.10"]

1. e4 g6 2. d4 Bg7 3. Nc3 d6 4. Be3 c6 5. Qd2 Nd7 6. Nf3 Qc7 7. Bd3 Ngf6 8. Bh6
Bxh6 9. Qxh6 c5 10. O-O a6 11. Rfe1 cxd4 12. Nxd4 Qc5 13. Qe3 Ng4 14. Qe2 h5
15. Nf3 Nde5 16. Nxe5 Qxe5 17. g3 h4 18. Nd5 hxg3 19. hxg3 Qh5 20. Qf3 Qh2+ 21.
Kf1 Ne5 22. Qf4 Bg4 23. f3 Bh3# 0-1

[Event "Guernsey Open"]
[Site "Guernsey GCI"]
[Date "2004.10.03"]
[Round "1"]
[White "Thurlow, Kevin J"]
[Black "Gravett, Alan D"]
[Result "1-0"]
[WhiteElo "2145"]
[BlackElo "1960"]
[PlyCount "81"]
[EventDate "2004.10.03"]
[SourceDate "2004.10.10"]

1. e4 c5 2. Nf3 d6 3. d4 cxd4 4. Nxd4 Nf6 5. Nc3 a6 6. Bg5 Nc6 7. Bc4 e6 8.
Nxc6 bxc6 9. e5 Qa5 10. Bxf6 gxf6 11. exd6 Qe5+ 12. Qe2 Bxd6 13. Rd1 Rg8 14. g3
Qxe2+ 15. Kxe2 Be7 16. Rd3 Rg4 17. b3 e5 18. f3 Rxc4 19. bxc4 Be6 20. Kf2 Bxc4
21. Rdd1 f5 22. Rb1 O-O-O 23. Rhd1 Bc5+ 24. Kg2 Bd4 25. Rb4 Be6 26. Ne2 Bc5 27.
Rxd8+ Kxd8 28. Ra4 Kc7 29. Nc1 Kb6 30. Nb3 Be7 31. c4 e4 32. c5+ Kb5 33. Ra5+
Kb4 34. Rxa6 e3 35. Rxc6 Kc3 36. Rxe6 fxe6 37. c6 Bd6 38. f4 Kd3 39. Kf3 h5 40.
a4 Kc3 41. a5 1-0

[Event "Guernsey Open"]
[Site "Guernsey GCI"]
[Date "2004.10.03"]
[Round "1"]
[White "Goris Schouwstra, A."]
[Black "Wismayer, Clive R"]
[Result "0-1"]
[WhiteElo "1897"]
[BlackElo "2129"]
[PlyCount "68"]
[EventDate "2004.10.03"]
[SourceDate "2004.10.10"]

1. d4 d5 2. Nf3 c6 3. e3 Bf5 4. Bd3 Bxd3 5. Qxd3 e6 6. O-O Nd7 7. c4 Ngf6 8.
cxd5 exd5 9. b3 Bd6 10. Bb2 Qe7 11. Nbd2 O-O 12. Rfe1 Ne4 13. Re2 Rae8 14. Nf1
f5 15. a3 Rf6 16. b4 a6 17. Rc1 Rh6 18. Rcc2 g5 19. Bc1 g4 20. Ne1 Bxh2+ 21.
Nxh2 Qh4 22. Red2 Qxh2+ 23. Kf1 Qh1+ 24. Ke2 Qg1 25. Kd1 Rh1 26. Qe2 Qxg2 27.
Rd3 f4 28. f3 Qxe2+ 29. Kxe2 Ng3+ 30. Kd2 fxe3+ 31. Kd1 gxf3 32. Rxe3 Rxe3 33.
Bxe3 Ne4 34. Bf2 Nb6 0-1

[Event "Guernsey Open"]
[Site "Guernsey GCI"]
[Date "2004.10.03"]
[Round "1"]
[White "Tan, H B."]
[Black "Robertson, PC."]
[Result "0-1"]
[WhiteElo "2121"]
[BlackElo "1880"]
[PlyCount "66"]
[EventDate "2004.10.03"]
[SourceDate "2004.10.10"]

1. e4 c5 2. d4 cxd4 3. c3 dxc3 4. Nxc3 Nc6 5. Nf3 a6 6. Bc4 e6 7. O-O Qc7 8.
Qe2 Bd6 9. Re1 Ne5 10. Nxe5 Bxe5 11. g3 Ne7 12. Be3 O-O 13. Rac1 Qa5 14. Bd2
Qd8 15. Red1 b5 16. Bb3 Bb7 17. Bg5 Qe8 18. Be3 Bc6 19. Bc5 Rd8 20. f4 Bc7 21.
e5 f6 22. exf6 Rxf6 23. Ne4 Rf5 24. Nd6 Bxd6 25. Rxd6 Nd5 26. Bc2 Rh5 27. Re1
Nxf4 28. gxf4 Rxc5 29. Qd3 Qh5 30. Re3 Rf8 31. Rg3 Rxf4 32. Rd4 Rxd4 33. Qxd4
Rg5 0-1

[Event "Guernsey Open"]
[Site "Guernsey GCI"]
[Date "2004.10.03"]
[Round "1"]
[White "Morton, Peter S"]
[Black "Johansson, Toni"]
[Result "0-1"]
[WhiteElo "1824"]
[BlackElo "2123"]
[PlyCount "84"]
[EventDate "2004.10.03"]
[SourceDate "2004.10.10"]

1. e4 c5 2. g3 Nc6 3. Bg2 g6 4. Ne2 Bg7 5. O-O e6 6. Nbc3 Nge7 7. d3 O-O 8. a3
Nd4 9. Rb1 d6 10. Nf4 Bd7 11. Nce2 Bc6 12. c3 Nxe2+ 13. Qxe2 d5 14. h4 d4 15.
c4 Qd6 16. Bd2 Rab8 17. b4 b6 18. b5 Bd7 19. Nh3 e5 20. f3 f5 21. Nf2 Rbe8 22.
Nh1 Kh8 23. Bh3 fxe4 24. Bxd7 exd3 25. Qxd3 Qxd7 26. g4 Nc8 27. Ng3 Nd6 28. Ne4
Nxe4 29. Qxe4 Qe7 30. Kg2 Qxh4 31. Rh1 Qf6 32. Rh3 Rf7 33. Rbh1 Bf8 34. Bh6
Bxh6 35. Rxh6 Kg8 36. Re1 Qg5 37. Rh3 Qf4 38. Qd5 Qd2+ 39. Kf1 Qd3+ 40. Kg2 e4
41. Rxe4 Rxe4 42. fxe4 Qe2+ 0-1

[Event "Guernsey Open"]
[Site "Guernsey GCI"]
[Date "2004.10.03"]
[Round "1"]
[White "Lock, Gavin R"]
[Black "Murray, JS."]
[Result "1/2-1/2"]
[WhiteElo "2158"]
[BlackElo "1824"]
[PlyCount "76"]
[EventDate "2004.10.03"]
[SourceDate "2004.10.10"]

1. Nf3 Nf6 2. c4 e6 3. Nc3 d5 4. d4 Be7 5. Bg5 h6 6. Bh4 O-O 7. e3 b6 8. Bd3
Bb7 9. O-O Nbd7 10. Qe2 c5 11. Bg3 cxd4 12. exd4 dxc4 13. Bxc4 Nd5 14. Nxd5
Bxd5 15. Bxd5 exd5 16. Rac1 Nf6 17. Ne5 Re8 18. Qf3 Rc8 {(=)} 19. Qf5 Rxc1 20.
Rxc1 Bd6 21. h3 Bxe5 22. Bxe5 Re6 23. Rc7 a6 24. Qc2 Ne8 25. Rc8 Qd7 26. Kh2
Kf8 27. Qc3 Kg8 28. f4 f6 29. f5 Re7 30. Bg3 Qxf5 31. Qc6 Qe6 32. Qxe6+ Rxe6
33. Rd8 Re2 34. Bd6 Kf7 35. Ba3 b5 36. Rd7+ Kg6 37. Rxd5 b4 38. Bxb4 Rxb2
1/2-1/2

[Event "Guernsey Open"]
[Site "Guernsey GCI"]
[Date "2004.10.03"]
[Round "1"]
[White "Taylor, Mark V"]
[Black "Key, Eric"]
[Result "0-1"]
[WhiteElo "2105"]
[BlackElo "1792"]
[PlyCount "72"]
[EventDate "2004.10.03"]
[SourceDate "2004.10.10"]

1. d4 e6 2. e4 d5 3. Nc3 Nf6 4. Bg5 Bb4 5. e5 h6 6. Bd2 Bxc3 7. bxc3 Ne4 8. Qg4
g6 9. Bd3 Nxd2 10. Kxd2 c5 11. h4 Nc6 12. Rh3 cxd4 13. cxd4 Qa5+ 14. c3 Bd7 15.
Ne2 O-O-O 16. Rhh1 f6 17. f4 f5 18. Qf3 Kb8 19. Rhb1 Ne7 20. a4 Rc8 21. Rb3 Ka8
22. Rab1 Bc6 23. Qf1 Rc7 24. Qc1 Nc8 25. Rb4 Nb6 26. Qa3 Rg7 27. Ke1 g5 28. h5
Nc4 29. Qb3 Qd8 30. g3 Rhg8 31. Bxc4 dxc4 32. Qxc4 Bd5 33. Qb5 Be4 34. R1b2
gxf4 35. gxf4 Qh4+ 36. Kd1 Rg1+ 0-1

[Event "Guernsey Open"]
[Site "Guernsey GCI"]
[Date "2004.10.03"]
[Round "1"]
[White "Twitchell, DJ."]
[Black "Kamps, JW."]
[Result "1-0"]
[WhiteElo "1792"]
[BlackElo "2101"]
[PlyCount "53"]
[EventDate "2004.10.03"]
[SourceDate "2004.10.10"]

1. e4 c5 2. d4 cxd4 3. c3 dxc3 4. Nxc3 Nc6 5. Nf3 e6 6. Bc4 Qc7 7. O-O Nf6 8.
Qe2 Ng4 9. g3 d6 10. Bf4 a6 11. Rac1 Be7 12. b4 Bf6 13. b5 Nce5 14. Nxe5 Nxe5
15. Bb3 Qe7 16. Be3 g5 17. f4 gxf4 18. gxf4 Ng6 19. Na4 O-O 20. e5 dxe5 21. Bc5
Qe8 22. Bxf8 Qxf8 23. Nb6 exf4 24. Nxa8 Bd7 25. Nc7 Bd4+ 26. Kh1 axb5 27. Nxe6
1-0

[Event "Guernsey Open"]
[Site "Guernsey GCI"]
[Date "2004.10.03"]
[Round "1"]
[White "Goris, Ton"]
[Black "Heath, Jeffrey"]
[Result "1-0"]
[WhiteElo "2072"]
[BlackElo "2019"]
[PlyCount "119"]
[EventDate "2004.10.03"]
[SourceDate "2004.10.10"]

1. e4 c5 2. c3 d5 3. exd5 Qxd5 4. d4 Nc6 5. Nf3 cxd4 6. cxd4 e6 7. a3 Nf6 8.
Nc3 Qd8 9. Bd3 Be7 10. O-O O-O 11. Re1 a6 12. Be3 Nd5 13. Rc1 Bf6 14. Nxd5 Qxd5
15. Rc5 Qd8 16. Ng5 Bxg5 17. Bxg5 Qxd4 18. Rxc6 Qd5 19. Bxh7+ Kxh7 20. Qh5+ Kg8
21. Rc7 Qf5 22. Qh4 f6 23. Be3 e5 24. Rec1 Qg4 25. Qxg4 Bxg4 26. Rxb7 Rf7 27.
Rxf7 Kxf7 28. f3 Bd7 29. Rc7 Ke6 30. b4 Rc8 31. Ra7 Rc6 32. Bc5 g6 33. Kf2 Bc8
34. Ke3 Kd5 35. h4 f5 36. g3 Be6 37. a4 Kc4 38. a5 Bc8 39. Re7 Kd5 40. Re8 Be6
41. Kd3 Rc8 42. Re7 Rc6 43. Rh7 Bc8 44. Rh8 Bd7 45. Rd8 Ke6 46. Kc4 Rc8 47.
Rxc8 Bxc8 48. Bf8 Bd7 49. Kc5 Bb5 50. g4 e4 51. fxe4 fxg4 52. Bd6 Be2 53. Bb8
Bb5 54. Kd4 Bf1 55. Ke3 Bb5 56. Kf4 Be2 57. Kg3 Bf3 58. Kf4 Bg2 59. b5 Bh1 60.
Ke3 1-0

[Event "Guernsey Open"]
[Site "Guernsey GCI"]
[Date "2004.10.03"]
[Round "1"]
[White "Jones, HCN."]
[Black "Von Saldern, Ruediger"]
[Result "1-0"]
[WhiteElo "1664"]
[BlackElo "2097"]
[PlyCount "43"]
[EventDate "2004.10.03"]
[SourceDate "2004.10.10"]

1. d4 d5 2. c4 e6 3. Nc3 Nf6 4. Bf4 Nbd7 5. e3 Be7 6. Nf3 O-O 7. h3 c6 8. Qc2
h6 9. Be2 dxc4 10. Bxc4 Nb6 11. Be2 Nbd5 12. Bh2 Nb4 13. Qb3 c5 14. O-O cxd4
15. Nxd4 Bd6 16. Bxd6 Qxd6 17. Rfd1 Qe7 18. Rac1 Rb8 19. e4 e5 20. Ndb5 a6 21.
Nd6 Be6 22. Qxb4 1-0

[Event "Guernsey Open"]
[Site "Guernsey GCI"]
[Date "2004.10.03"]
[Round "1"]
[White "Rowe, Peter"]
[Black "Taylor, RP."]
[Result "1-0"]
[WhiteElo "2085"]
[BlackElo "1640"]
[PlyCount "89"]
[EventDate "2004.10.03"]
[SourceDate "2004.10.10"]

1. d4 d5 2. Nf3 c6 3. c3 Bg4 4. Bf4 e6 5. Nbd2 Nf6 6. e3 Be7 7. Bd3 O-O 8. h3
Bf5 9. Bxf5 exf5 10. Qb3 Qc8 11. O-O Nbd7 12. c4 dxc4 13. Nxc4 Ne4 14. Rac1
Ndf6 15. Na5 Nd6 16. Bxd6 Bxd6 17. Qxb7 Qe6 18. Qxc6 Qxa2 19. Qxd6 Qxa5 20. b4
Qa3 21. Ra1 Qb2 22. Rab1 Qa2 23. b5 Ne4 24. Qb4 Rfc8 25. Rb2 Qe6 26. Ne5 Nd6
27. Ra1 f6 28. Nd3 Nc4 29. Nc5 Qf7 30. Rba2 Rcb8 31. Rc2 Nd6 32. Ra5 Kh8 33.
Na6 Rb6 34. Rc7 Qe8 35. Qc5 Nb7 36. Rxb7 Rxb7 37. Nc7 Rxc7 38. Qxc7 h6 39. Qc6
Qd8 40. Ra6 Rc8 41. Qd6 Rc1+ 42. Kh2 Qe8 43. Rxa7 Rb1 44. Qc7 Qf8 45. b6 1-0

[Event "Guernsey Open"]
[Site "Guernsey GCI"]
[Date "2004.10.03"]
[Round "1"]
[White "Goldberg, Menashe"]
[Black "Clark, Ian C"]
[Result "1/2-1/2"]
[WhiteElo "2005"]
[BlackElo "2109"]
[PlyCount "31"]
[EventDate "2004.10.03"]
[SourceDate "2004.10.10"]

1. d4 d5 2. e4 dxe4 3. Nc3 Nf6 4. f3 e3 5. Bxe3 e6 6. Bd3 Nc6 7. a3 Bd6 8. Nge2
h6 9. Qd2 a6 10. Ne4 Be7 11. c4 Nxe4 12. fxe4 Bg5 13. Bxg5 Qxg5 14. Qxg5 hxg5
15. O-O-O Ke7 16. b4 1/2-1/2

[Event "Guernsey Open"]
[Site "Guernsey GCI"]
[Date "2004.10.04"]
[Round "2"]
[White "Wismayer, Clive R"]
[Black "Hillarp Persson, Tiger"]
[Result "0-1"]
[WhiteElo "2129"]
[BlackElo "2523"]
[PlyCount "99"]
[EventDate "2004.10.03"]
[SourceDate "2004.10.10"]

1. e4 g6 2. d4 Bg7 3. Nc3 d6 4. Nge2 Nd7 5. g3 c5 6. Bg2 Rb8 7. a4 b6 8. O-O
Ngf6 9. h3 O-O 10. Be3 a6 11. f4 cxd4 12. Bxd4 Bb7 13. Qd2 e5 14. Be3 Nc5 15.
Rad1 Ncxe4 16. Nxe4 Nxe4 17. Bxe4 Bxe4 18. Nc3 Ba8 19. Qxd6 Qc8 20. Qd7 exf4
21. Qxc8 Rbxc8 22. Bxf4 Rfe8 23. Rfe1 Rxe1+ 24. Rxe1 Bf8 25. Be3 b5 26. axb5
axb5 27. Bd4 f5 28. Ra1 b4 29. Ne2 Bf3 30. Kf2 Bxe2 31. Kxe2 Rxc2+ 32. Kd3 Rg2
33. Be5 Kf7 34. Ra6 Be7 35. h4 Rh2 36. b3 Rf2 37. h5 Rf3+ 38. Kc4 Re3 39. Bd4
Rxg3 40. Ra7 gxh5 41. Kd5 Rg4 42. Bc5 Re4 43. Rb7 Kf6 44. Bxe7+ Rxe7 45. Rxb4
Re5+ 46. Kd6 Re4 47. Rb8 h4 48. Rf8+ Kg6 49. Rg8+ Kh5 50. Rg7 $138 0-1

[Event "Guernsey Open"]
[Site "Guernsey GCI"]
[Date "2004.10.04"]
[Round "2"]
[White "Bellin, Robert"]
[Black "Goris, Ton"]
[Result "1-0"]
[WhiteElo "2383"]
[BlackElo "2072"]
[PlyCount "59"]
[EventDate "2004.10.03"]
[SourceDate "2004.10.10"]

1. e4 e6 2. d4 d5 3. Nc3 Bb4 4. e5 c5 5. a3 Bxc3+ 6. bxc3 Qc7 7. Qg4 f5 8. Qh5+
g6 9. Qd1 b6 10. Nf3 Ba6 11. Bxa6 Nxa6 12. c4 O-O-O 13. Bg5 Rd7 14. cxd5 Rxd5
15. c4 Rd7 16. d5 Qb7 17. Qe2 Nc7 18. d6 h6 19. Bd2 Ne8 20. a4 Qe4 21. h4 Ng7
22. a5 Kb7 23. Rh3 Qxe2+ 24. Kxe2 Nh5 25. Rhh1 Rhh7 26. Rhb1 Kc6 27. axb6 axb6
28. Ra8 Rhg7 29. Rc8+ Kb7 30. Rxc5 1-0

[Event "Guernsey Open"]
[Site "Guernsey GCI"]
[Date "2004.10.04"]
[Round "2"]
[White "Johansson, Toni"]
[Black "Corkett, Anthony R"]
[Result "0-1"]
[WhiteElo "2123"]
[BlackElo "2310"]
[PlyCount "140"]
[EventDate "2004.10.03"]
[SourceDate "2004.10.10"]

1. e4 c5 2. Nf3 Nc6 3. Nc3 g6 4. d4 cxd4 5. Nxd4 Bg7 6. Be3 Nf6 7. Bc4 O-O 8.
Bb3 e6 9. O-O d5 10. Nxc6 bxc6 11. e5 Nd7 12. f4 Bb7 13. Na4 f6 14. Nc5 Nxc5
15. Bxc5 Rf7 16. Qd4 Ba6 17. Rfe1 fxe5 18. fxe5 Qg5 19. Qe3 Qh5 20. Qg3 Bh6 21.
Be3 Raf8 22. h3 Bf4 23. Bxf4 Rxf4 24. c3 Kg7 25. Bd1 Qf5 26. Bg4 Qf7 27. Re3 c5
28. Rd1 Bc8 29. b3 Qc7 30. Ree1 a5 31. h4 Qe7 32. Rf1 Qf7 33. Rxf4 Qxf4 34. Rd3
Qxg3 35. Rxg3 Rf4 36. h5 Bd7 37. hxg6 hxg6 38. Bh5 Be8 39. Bg4 Bf7 40. Bf3 Rf5
41. Rg4 Be8 42. a3 Rxe5 43. b4 cxb4 44. cxb4 axb4 45. Rxb4 Re3 46. Rb6 Kf7 47.
Ra6 Re1+ 48. Kf2 Ra1 49. Ke3 Bb5 50. Ra7+ Kf6 51. Kd4 Rc1 52. a4 Rc4+ 53. Ke3
Rxa4 54. Rb7 Be8 55. Rb8 Bf7 56. Rb7 g5 57. Rb5 g4 58. Be2 Ke5 59. g3 Bg6 60.
Kf2 Bf5 61. Rb3 Ra2 62. Ke1 Ra1+ 63. Kf2 Ra5 64. Re3+ Kd6 65. Rb3 d4 66. Rb8
Ke5 67. Rg8 Ra2 68. Ke1 Ke4 69. Bxg4 Ke3 70. Bd1 Rh2 0-1

[Event "Guernsey Open"]
[Site "Guernsey GCI"]
[Date "2004.10.04"]
[Round "2"]
[White "Kitchlew, Andrew"]
[Black "Burrows, Martin"]
[Result "1-0"]
[WhiteElo "2111"]
[BlackElo "2201"]
[PlyCount "139"]
[EventDate "2004.10.03"]
[SourceDate "2004.10.10"]

1. d4 Nf6 2. Nf3 g6 3. e3 Bg7 4. h4 d6 5. Qd3 Nbd7 6. Qb3 c6 7. Ng5 d5 8. c4 e6
9. Nd2 Qe7 10. Be2 h6 11. Ngf3 O-O 12. h5 Nxh5 13. g4 Nhf6 14. g5 Nh5 15. gxh6
Bxh6 16. Ne5 Ndf6 17. Nf1 c5 18. Bd2 a5 19. Ng3 Nxg3 20. fxg3 Bg7 21. Bf3 a4
22. Qc2 Bd7 23. Bc3 Rfd8 24. Qh2 cxd4 25. Bxd4 a3 26. b3 Qb4+ 27. Ke2 dxc4 28.
bxc4 Be8 29. Rab1 Qa4 30. Rb3 Rac8 31. Kf2 Rxc4 32. Nxc4 Qxc4 33. Be2 Qc2 34.
Bxf6 Bxf6 35. Qh7+ Kf8 36. Rxb7 Rd5 37. g4 Rd2 38. Re1 Qe4 39. Rb8 Qxg4 40.
Qh6+ Ke7 41. Rb7+ Bd7 42. Kf1 Qf5+ 43. Kg1 Bg5 44. Qh2 Bxe3+ 45. Kh1 Qd5+ 46.
Qg2 Qxg2+ 47. Kxg2 Kf6 48. Kf3 Bg5 49. Rf1 Bc6+ 50. Kg4+ Ke5 51. Rc7 Rxe2 52.
Kxg5 f6+ 53. Kxg6 Be4+ 54. Kf7 f5 55. Ra1 f4 56. Rc3 Re3 57. Rxe3 fxe3 58. Re1
Kd4 59. Kxe6 Bd5+ 60. Kf5 Kd3 61. Rd1+ Kc4 62. Rc1+ Kb4 63. Kf4 e2 64. Ke3 Bxa2
65. Kxe2 Kb3 66. Kd2 Kb2 67. Rc2+ Kb3 68. Kc1 Kb4 69. Rxa2 Ka4 70. Kc2 1-0

[Event "Guernsey Open"]
[Site "Guernsey GCI"]
[Date "2004.10.04"]
[Round "2"]
[White "Reijneveld, Ad"]
[Black "Rowe, Peter"]
[Result "1-0"]
[WhiteElo "2203"]
[BlackElo "2085"]
[PlyCount "65"]
[EventDate "2004.10.03"]
[SourceDate "2004.10.10"]

1. Nc3 e5 2. Nf3 d6 3. d4 exd4 4. Nxd4 Nf6 5. e4 Be7 6. Be2 Nbd7 7. f4 O-O 8.
O-O Nc5 9. Bf3 a5 10. Be3 Rb8 11. Qe2 Bd7 12. Rad1 Qc8 13. e5 dxe5 14. fxe5 Ne8
15. Nd5 Bd8 16. Nf5 Bxf5 17. Bxc5 c6 18. Ne7+ Bxe7 19. Bxe7 Nc7 20. Bxf8 Kxf8
21. Qd2 Ra8 22. Qf4 Bg6 23. Bg4 Qe8 24. c4 h5 25. Bh3 Kg8 26. Rd7 Ne6 27. Bxe6
Qxe6 28. Rfd1 Re8 29. Rd8 Kf8 30. R1d6 Qe7 31. Qd4 h4 32. R6d7 Qb4 33. Rxe8+
1-0

[Event "Guernsey Open"]
[Site "Guernsey GCI"]
[Date "2004.10.04"]
[Round "2"]
[White "Ballon, Guenther Jan"]
[Black "Twitchell, DJ."]
[Result "1-0"]
[WhiteElo "2195"]
[BlackElo "1792"]
[PlyCount "83"]
[EventDate "2004.10.03"]
[SourceDate "2004.10.10"]

1. d4 d5 2. c4 e6 3. Nf3 Nf6 4. Qc2 c6 5. e3 Nbd7 6. Nc3 Qc7 7. Bd3 e5 8. cxd5
cxd5 9. dxe5 Nxe5 10. Nxe5 Qxe5 11. O-O Bd7 12. f4 Qc7 13. Bd2 O-O-O 14. Rac1
Kb8 15. Qb3 Bc6 16. Ne2 Qb6 17. Qxb6 axb6 18. Nd4 Bd7 19. a3 Ne4 20. Bxe4 dxe4
21. b4 f5 22. Bc3 Be7 23. Nc2 Bf6 24. Bxf6 gxf6 25. Rfd1 Ba4 26. Rxd8+ Rxd8 27.
Nd4 Rd5 28. Kf2 Bd7 29. Kg3 Be8 30. Rc3 Bf7 31. Kh4 h5 32. h3 Be8 33. Rc1 Bf7
34. Rc2 Be8 35. g4 hxg4 36. hxg4 fxg4 37. f5 Ba4 38. Rc1 Bc6 39. Kxg4 Rd6 40.
Kf4 b5 41. Rc3 Kc7 42. Nxb5+ 1-0

[Event "Guernsey Open"]
[Site "Guernsey GCI"]
[Date "2004.10.04"]
[Round "2"]
[White "Robertson, PC."]
[Black "Havenaar, Jan"]
[Result "0-1"]
[WhiteElo "1880"]
[BlackElo "2169"]
[PlyCount "88"]
[EventDate "2004.10.03"]
[SourceDate "2004.10.10"]

1. e4 c5 2. Nc3 Nc6 3. g3 e6 4. Bg2 Nf6 5. d3 Be7 6. Nf3 d5 7. O-O d4 8. Ne2 e5
9. h3 h6 10. g4 Nh7 11. Ng3 Ng5 12. Nh2 Ne6 13. Nf3 g6 14. Qe2 Bd7 15. Bd2 Nf4
16. Bxf4 exf4 17. Nh1 h5 18. Nh2 Ne5 19. f3 Qc7 20. Qd2 O-O-O 21. Nf2 Be6 22.
b3 Kb8 23. Qd1 Bd6 24. a4 Qe7 25. Nh1 Bc7 26. a5 a6 27. Qe2 Nc6 28. Qe1 Rdg8
29. Qd2 Qd8 30. Rfb1 Bxa5 31. Qxf4+ Bc7 32. Qd2 Bxh2+ 33. Kxh2 hxg4 34. fxg4
Bxg4 35. Nf2 Qc7+ 36. Kh1 Be6 37. Qg5 Rh5 38. Qd2 Qg3 39. Rg1 Rgh8 40. Bf1 Qf3+
41. Kh2 Qe3 42. Qxe3 dxe3 43. Ng4 Nd4 44. Nxe3 Nf3+ 0-1

[Event "Guernsey Open"]
[Site "Guernsey GCI"]
[Date "2004.10.04"]
[Round "2"]
[White "Rosen, Daniel B"]
[Black "Jones, HCN."]
[Result "1-0"]
[WhiteElo "2165"]
[BlackElo "1664"]
[PlyCount "61"]
[EventDate "2004.10.03"]
[SourceDate "2004.10.10"]

1. e4 e5 2. Nf3 Nf6 3. d4 Nxe4 4. Nxe5 d6 5. Nf3 d5 6. Bd3 Nc6 7. Nc3 Nxc3 8.
bxc3 Be7 9. O-O O-O 10. c4 Nb4 11. Be2 Bf5 12. a3 Nc6 13. Rb1 b6 14. cxd5 Qxd5
15. Rb5 Qd7 16. d5 Na5 17. Ne5 Qd6 18. Bb2 Rad8 19. c4 Bf6 20. f4 Bc8 21. Bd3
Ba6 22. Rxa5 bxa5 23. Qe2 Rfe8 24. Bxh7+ Kf8 25. Qh5 Bxe5 26. fxe5 Qc5+ 27. Kh1
Rd7 28. Bg6 Qxc4 29. Qh8+ Ke7 30. Rxf7+ Kd8 31. Rxd7+ 1-0

[Event "Guernsey Open"]
[Site "Guernsey GCI"]
[Date "2004.10.04"]
[Round "2"]
[White "Key, Eric"]
[Black "Thurlow, Kevin J"]
[Result "1/2-1/2"]
[WhiteElo "1792"]
[BlackElo "2145"]
[PlyCount "68"]
[EventDate "2004.10.03"]
[SourceDate "2004.10.10"]

1. e4 c5 2. Nf3 e6 3. d4 cxd4 4. Nxd4 Nc6 5. Be2 Nf6 6. Nc3 a6 7. O-O Qc7 8.
Nxc6 dxc6 9. Be3 Be7 10. f4 b5 11. Bf3 Bb7 12. e5 Nd5 13. Nxd5 cxd5 14. c3 O-O
15. Qe1 Rac8 16. Qf2 Bc5 17. a4 Qb6 18. Bxc5 Qxc5 19. axb5 Qxb5 20. Rfb1 Rc6
21. Be2 Qb3 22. Bd3 f6 23. Ra3 Qb6 24. Qxb6 Rxb6 25. exf6 gxf6 26. c4 Rc8 27.
cxd5 Bxd5 28. Rxa6 Rb3 29. Ra3 Rxa3 30. bxa3 Rc3 31. Rd1 Rxa3 32. Rd2 Kg7 33.
Kf2 h5 34. f5 Ra2 1/2-1/2

[Event "Guernsey Open"]
[Site "Guernsey GCI"]
[Date "2004.10.04"]
[Round "2"]
[White "Shabtai, Ran"]
[Black "Goldberg, Menashe"]
[Result "1-0"]
[WhiteElo "2268"]
[BlackElo "2005"]
[PlyCount "45"]
[EventDate "2004.10.03"]
[SourceDate "2004.10.10"]

1. e4 c6 2. d4 d5 3. exd5 cxd5 4. c4 Nc6 5. cxd5 Qxd5 6. Nf3 e5 7. Nc3 Bb4 8.
Be2 e4 9. O-O Bxc3 10. bxc3 exf3 11. Bxf3 Qd6 12. Re1+ Nge7 13. Qb3 O-O 14. Ba3
Qf6 15. Bxc6 Nxc6 16. d5 Na5 17. Qa4 Bd7 18. Qxd7 Rfd8 19. Qa4 Qa6 20. Re4 b5
21. Qd4 Nc4 22. Be7 Re8 23. Rg4 1-0